| 000 | 00539nam a22001937a 4500 | ||
|---|---|---|---|
| 003 | PILC | ||
| 005 | 20160106143445.0 | ||
| 008 | 130307t xxu||||| |||| 00| 0 eng d | ||
| 020 | _a9780746077467 | ||
| 050 |
_aQ123 _b.St865 2006 |
||
| 082 |
_aIB 540.3 _bW49 2006 |
||
| 100 | _aStockley, Corrine | ||
| 245 |
_aThe usborne illustrated dictionary of chemistry _cCorinne Stockley, Chris Oxlade, and Jane Wertheim |
||
| 260 |
_aTulsa, Okla. : _bEDC Pub., _cc2006 |
||
| 300 | _c25 cm | ||
| 562 | _e1 | ||
| 942 |
_2lcc _cBK |
||
| 999 |
_c2156 _d2156 |
||